Ao 10 Maiores campeões do campeonato brasileirão - Statistics

Estatísticas Gerais
  • Esse quiz foi jogado 272 vezes
  • A pontuação média é 10 de 12
Estatísticas das Respostas
Hint Resposta % Correto
11 Palmeiras
100%
8 Flamengo
99%
7 Corinthians
96%
8 Santos
96%
6 São Paulo
96%
4 Vasco
92%
4 Cruzeiro
89%
2 Grêmio
86%
3 Internacional
85%
2 Botafogo
76%
4 Fluminense
75%
2 Bahia
52%
Nenhum quiz correspondente encontrado
Distribuição das Pontuações
Porcentagem de Pessoas com Cada Pontuação
Percentil de Números Respondidos
Sua Pontuação Histórica
Você não jogou esse quiz